Statystyki dla Waluty zastąpione przez Euro

Kliknij tutaj aby rozwiązać quiz!

Ogólne statystyki

  • Ten quiz został rozwiązany 110 razy
    (61 od ostatniego zresetowania)
  • Średni wynik to 10 z 24

Statystyki odpowiedzi

państwowaluta% Poprawnych
Chorwacjakuna
81%
Niemcymarka niemiecka
76%
Francjafrank francuski
61%
Słowacjakorona słowacka
59%
Irlandiafunt irlandzki
56%
Włochylir włoski
54%
Belgiafrank belgijski
52%
San Marinolir sanmaryński
46%
Watykanlir watykański
44%
Hiszpaniapeseta
43%
Monakofrank monakijski
41%
Austriaszyling
41%
Holandiagulden
39%
Estoniakorona estońska
39%
Grecjadrachma
35%
Łotwałat
35%
Finlandiamarka fińska
33%
Andorafrank francuski | peseta
31%
Litwalit
31%
Cyprfunt cypryjski
20%
Portugaliaescudo
17%
Maltalira
15%
Słoweniatolar
11%
Luksemburgfrank luksemburski
9%

Rozkład punktacji

Percentyl według liczby udzielonych odpowiedzi

Procent ludzi z każdym wynikiem

Twoja historia wyników

Nie rozwiązałeś tego quizu od ostatniego zresetowania